00876nam a22002537a 45000010005000000030006000050050017000110080041000280200017000690400029000860500016001150820012001311000026001432450082001692600053002513000047003044900026003515050007003775200114003845210027004985210018005256500039005437000040005827626FISKH20250728114503.0250728b cb ||||| |||| 00| 0 eng d a429200012376 aFISKHbengcFISKHdFISKH aPZ7.R6126 B a513.21  aRodger, Elizabeth B.  aThe bunnie' counting book / cWritten and illustrated by Elizabeth B. Rodger  aNew York : bWestern Publishing Company, c1991. a24 pages : bcolor illustrations ; c21 cm aA little golden book  aH  aIntroduces the numbers from one to twenty as bunnies play on the jungle gym, eat carrots, and go on a picnic.8 a430 bLexile estimate 8 aH bRaz-Plus  aNumbers and CountingxPicture Book aRodger, Elizabeth B. eillustrator